01845nam a2200241Ia 4500001000600000003000900006008004100015040001300056040001300069041001300082100001900095100002900114245003500143245003500178250001100213260001100224260001100235260004900246300005700295500119600352650002401548650003101572C5761IT-RoPAU130308s9999 xx 000 0 und d aIT-RoPAU cIT-RoPAU aFRANCESE aOgrizek Michel gCodice Aut. SPICS: 41813 aEnvironnement et communication bEnvironnement et Communication a1a ed. aRENNES bApogee c1993 [1° Ed.:1993 - Ed.Ling.Originale:1993] a"168 p. (prefazione: no ; testo: 168 [pagine: 0-0])" aAmbiente e Comunicazione. Grandi Giochi del Discorso Sull'Ambiente: paradosso sociologico e Politico, problematiche Ideologiche: Ecologismo ed Economismo, Sviluppo, Consumismo, Terzomondismo. temi del Discorso Ecologico Moderno: sicurezza e protezione delle Persone e dell'Ambiente, salute e Ambiente, preservazione del Paesaggio. Comunicazione Ecologica Territoriale: nozione Antropologica del Luogo e Non Luogo, Effetto della Vicinanza, Ecologizzazione della Vita Pubblica Locale. Paradossi del consumo Ecologico: Eco/Logica ed Eco/Promozione. Ambiente e Comunicazione Istituzionale: immagine D'Impresa, comunicazioni Eco/Istituzionali, istituzionali Associative e Statiche. Gestire la Comunicazione Sull'Ambiente: Ecologismo D'Impresa, Comunicazione e gestione del patrimonio Industriale, Informazione e Comunicazione, strutture di Gestione, Media e Ambiente, consiglio e Comunicazione Ambientale, Ambiente e Comunicazione di Crisi: Crisi tecnologica e Industriale, Etologia delle nuove Crisi Industriali, Crisi Ecologica, gestione della Crisi, preparazione Alla Crisi. Comunicazione Giuridica e Finanziaria. Comunicazione Eco/Politica. Ecologismo e movimenti di Idee Filosofiche Moderne. aSAGGI SUL MARKETING eCodice materia Spics: 6461